Movies of 2004 Quiz Stats

 Plays Quiz Updated Apr 30, 2018

Also try: Movies of 1995
Challenge
Share
Tweet
Score 0/16 Timer 06:00
9 Plays Today
Picture Movie % Correct
The Incredibles
94.9%
Anchorman: The Legend of Ron Burgundy
93.7%
Mean Girls
90.2%
Napoleon Dynamite
85.2%
Dodgeball: A True Underdog Story
85%
The Passion of the Christ
84.5%
Million Dollar Baby
83.9%
The Notebook
82.6%
Picture Movie % Correct
Troy
80.4%
Harold & Kumar Go to White Castle
79.2%
Saw
74.6%
The Day After Tomorrow
69.8%
Shaun of the Dead
62.1%
The Aviator
54%
Eternal Sunshine of the Spotless Mind
49.5%
Sideways
42.7%

You're not logged in!

Compare scores with friends on all Sporcle quizzes.
Join for Free
OR
Log In

You Might Also Like...

Show Comments

Extras

Top Quizzes Today


Score Distribution

Your Account Isn't Verified!

In order to create a playlist on Sporcle, you need to verify the email address you used during registration. Go to your Sporcle Settings to finish the process.

Report this User

Report this user for behavior that violates our Community Guidelines.

Details: